00345pab a2200145 454500008004000000100001600040245004300056260000900099300001200108362001200120650001500132650001700147650001800164773001700182180718b2010 xxu||||| |||| 00| 0 eng d aLal, Sanjay aGlobalization, Gandhism and free trade c2010 ap.3-10. aJan-Jun aFree trade aGandhi, M.K. aGlobalization aMan in India